000 00672nam a22001937a 4500
005 20251108164903.0
008 250721s1978 xx 000 0 ara d
082 1 4 _a962.02/محم
100 1 _aالمسدى، محمد جمال الدين
245 1 0 _aمصر و الحرب العالمية الثانية /
264 1 _aالقاهرة :
_bمركز الدراسات السياسية و الإستراتيجية بالأهرام،
_c1978.
300 _a292ص
650 1 7 _aتاريخ مصر
650 1 7 _aالتاريخ السياسي
700 1 _aرزق، يونان لبيب
700 1 _aرمضان، عبد العظيم
942 _2ddc
_cBK
999 _c16705
_d16705